Dílenská měření : Obrábění a výrobní pomůcky. 2.část /

Saved in:
Bibliographic Details
Main Author: Dostál, František (Author)
Format: Book
Language:Czech
Published: Brno : VTAAZ, 1956
Subjects:
Tags: Add Tag
No Tags, Be the first to tag this record!

MARC

LEADER 00000nam a22000003a 4500
001 stu35642
005 20150617225727.4
008 920429s1956----cs------------------cze-d
040 |a STU  |b slo 
041 0 |a cze 
044 |a cs 
080 |a 621.9  |7 stu_us_auth*stu8061 
100 1 |a Dostál, František  |4 aut 
245 1 |a Dílenská měření :  |b Obrábění a výrobní pomůcky. 2.část /  |c [aut.]František Dostál 
260 |a Brno :  |b VTAAZ,  |c 1956 
300 |a 440 s 
650 7 |a obrábanie  |2 stusub 
996 |b 284M016254  |c M*3656/2-1  |l MMKN  |s A  |a 24  |w stu35642_0001